| 000 | 00665nam a22002177a 4500 | ||
|---|---|---|---|
| 001 | 48915 | ||
| 003 | BD-RjUL | ||
| 005 | 20211209054615.0 | ||
| 008 | 160817s1968 us a|||| |||| 00| 0 eng d | ||
| 035 | _a(BD-RjUL)49034 | ||
| 040 |
_aBD-RjUL _beng _cBD-RjUL _dBD-RjUL |
||
| 041 | _aeng | ||
| 082 |
_223 _a320 _bREA 1968 |
||
| 245 |
_aReadings in modern political analysis / _cRobert A. Dahl ; Deane E. Neubauer |
||
| 260 |
_aNew Jersey : _bPrentice Hall, Inc. _c1968, |
||
| 300 |
_axi, 424 p. ; _c24 cm. |
||
| 490 | _aFoundation of modern political science series | ||
| 650 |
_aPolitical science _9147348 |
||
| 700 |
_aNeubauer, Deane E. _9147349 |
||
| 942 |
_2ddc _cBK |
||
| 999 |
_c48915 _d48915 |
||